000 00831cam a22002537a 4500
003 CHAP
005 20220329140533.0
008 971013s r 00010 d
010 _a53552
011 _a54524
035 _a58675
040 _cCHAP
090 _aR-1622
100 0 0 _aRudolfs, Willem.
_9100537
245 0 _aStudies on chemical changes during the life cycle of the tent caterpillar (Malacosoma americana fab.) I. Moisture and fat
500 _aSobretiro de : J. of the New York Entomological Soc. 34 : 249-256, 1926
590 _aBATCH-UPD
_b10
_c20130110
_lUCH01
_h0716
590 _aBATCH-UPD
_b10
_c20130110
_lUCH01
_h2342
590 _aCONVERSION
_b10
_c20130109
_lUCH01
_h1329
650 1 4 _aMalacosoma americana.
_969976
901 _aBK
942 _cREIMP
949 _aR-1622
_bBC
_cR
_d-127252
_eTS1
_i58675
_si
999 _c53552
_d53552